书目信息 |
| 题名: |
城市基础设施生命线安全韧性
|
|
| 作者: | 龚道孝 主编 | |
| 分册: | ||
| 出版信息: | 北京 中国城市出版社 2024.12 |
|
| 页数: | 478页 | |
| 开本: | 26cm | |
| 丛书名: | ||
| 单 册: | ||
| 中图分类: | TU99-53 | |
| 科图分类: | ||
| 主题词: | 基础设施--ji chu she shi--市政工程--城市规划--学术会议--文集 | |
| 电子资源: | ||
| ISBN: | 978-7-5074-3767-6 | |
| 000 | 01792nam0 2200277 450 | |
| 001 | 90585 | |
| 005 | 20250815210106.86 | |
| 010 | @a978-7-5074-3767-6@dCNY120.00 | |
| 100 | @a20250103d2024 em y0chiy50 ea | |
| 101 | 0 | @achi |
| 102 | @aCN@b110000 | |
| 105 | @aab a 000yy | |
| 106 | @ar | |
| 200 | 1 | @a城市基础设施生命线安全韧性@Acheng shi ji chu she shi sheng ming xian an quan ren xing@e2023年工程规划学术研讨会论文集@f主编龚道孝 |
| 210 | @a北京@c中国城市出版社@d2024.12 | |
| 215 | @a478页@c图, 地图@d26cm | |
| 306 | @a由中国城市规划设计研究院资助出版 | |
| 314 | @a龚道孝, 清华大学工学硕士, 浙江财经大学城市公用事业政府监管专业博士, 国家注册城市规划师, 教授级高级城市规划师, 中国城市规划设计研究院副总工程师, 长期致力于城市水系统、城市生态环境和城市基础设施领域的研究、咨询和规划工作, 作为项目负责人和专项专题负责人, 先后承担参与城市规划、城市水系统规划设计及研究项目80余项, 发表学术论文10余篇, 获华夏建设科学技术奖、全国优秀城乡规划设计奖等各类奖项10余项。 | |
| 320 | @a有书目 (第页) | |
| 330 | @a本书为2023年工程规划学术研讨会论文集, 研讨会以“城市基础设施生命线安全韧性”为主题展开。本书收录了以城市基础设施生命线安全韧性、城市能源综合规划、海绵城市与排水防涝、市政规划与实施等议题的论文。总结近年来在工程规划领域的研究和规划实践, 分享该领域的研究成果, 具有较强的理论价值和实践价值, 力求为促进专项规划、城市基础设施、海绵城市和排水防涝等领域的规划设计技术进步作出贡献, 与国内学术同仁共同探讨我国工程规划领域如何实现城市基础设施生命线的韧性发展。 | |
| 517 | 1 | @a2023年工程规划学术研讨会论文集@A2023 nian gong cheng gui hua xue shu yan tao hui lun wen ji |
| 606 | 0 | @a基础设施@Aji chu she shi@x市政工程@x城市规划@x学术会议@j文集 |
| 690 | @aTU99-53@v5 | |
| 701 | 0 | @a龚道孝@Agong dao xiao@4主编 |
| 801 | 0 | @aCN@c20250909 |
| 905 | @a河南城建学院图书馆@dTU99-53@eG380@f1 | |
| 城市基础设施生命线安全韧性:2023年工程规划学术研讨会论文集/主编龚道孝.-北京:中国城市出版社,2024.12 |
| 478页:图, 地图;26cm |
| ISBN 978-7-5074-3767-6:CNY120.00 |
| 本书为2023年工程规划学术研讨会论文集, 研讨会以“城市基础设施生命线安全韧性”为主题展开。本书收录了以城市基础设施生命线安全韧性、城市能源综合规划、海绵城市与排水防涝、市政规划与实施等议题的论文。总结近年来在工程规划领域的研究和规划实践, 分享该领域的研究成果, 具有较强的理论价值和实践价值, 力求为促进专项规划、城市基础设施、海绵城市和排水防涝等领域的规划设计技术进步作出贡献, 与国内学术同仁共同探讨我国工程规划领域如何实现城市基础设施生命线的韧性发展。 |
| ● |
| 相关链接 |
|
|
|
正题名:城市基础设施生命线安全韧性
索取号:TU99-53/G380
 
预约/预借
| 序号 | 登录号 | 条形码 | 馆藏地/架位号 | 状态 | 备注 |
| 1 | 1624547 | 216245472 | 建筑库201/201建筑库 124排1列3层/ [索取号:TU99-53/G380] | 在馆 |